000 00842nam1a22002171i 4500
001 v19\rc\1593341
005 20240723092205.0
035 _a(NLR Aleph) 004717346
090 _a4283968
_c4283968
100 _a20061002d1895 |||y0rusy50 ca
101 0 _arus
102 _aRU
105 _a c |||||
200 1 _aКонтрактовый юмористический спутник и указатель главных торгово-промышленных фирм и учреждений г. Киева
_fИзд. пот. поч. гражд. И.Б. Зона. Вып. 1
210 _aКиев
_cтип. И. Крыжановского и В. Авдюшенко
_d1895
702 1 _aЗон
_bИ.Б.
_4650
801 0 _aRU
_bNLR
_gpsbo
801 0 _aRU
_bRuMoRGB
_2psbo
801 1 _aRU
_bProSoft-M
_2rusmarc
852 _aNLR
_j18.300.6.24
942 _cBOOK